000 02556nam a2200469 i 4500
003 DO-SdBNP
005 20260313105459.0
007 ta
008 210205e1999 dr |||||rl|||o001 0 spa d
040 _aDO-SdBNP
_bspa
_cBNPHU
_erda
041 _aspa
082 4 _a342.729303
_bR426c 1999
_222
110 2 _aRepública Dominicana.
_9447
240 1 0 _aConstitución (1999)
245 1 0 _aConstitución de la República Dominicana.
250 _aEdición oficial
264 _aSanto Domingo :
_bCAMJ ,
_c1999
300 _a93 páginas ;
_c19 cm
336 _atexto
_btxt
_2rdacontent
337 _asin mediación
_bn
_2rdamedia
338 _avolumen
_bnc
_2rdacarrier
505 0 _aTítulo I :
_tSección I : de la nación, de su soberanía y de su gobierno. sección II : del territorio. sección III: del régimen económico y social fronterizo.
505 1 _aTítulo II :
_tSección I : de los derechos individuales y sociales. sección II : de lo deberes.
505 1 _aTítulo III :
_tDerechos políticos. sección I : de la nacionalidad. sección II de la ciudadanía.
505 1 _aTítulo IV :
_tSección I : del Poder Legislativo. sección II : del senado. sección III : de la cámara de diputado. sección IV : disposiciones comunes a ambas cámaras. sección V : del congreso. sección VI : de la formación y efecto de las leyes.
505 1 _aTítulo V :
_tSeción I : del Poder Ejecutivo. sección II : de los secretarios de Estado.
505 1 _aTítulo vi:
_tSección I : del Poder Judicial. sección II de la Suprema Corte de Justicia. sección III : de las Cortes de Apelación. sección IV : del Tribunal de Tierra. sección V : de los Juzgado de Primera Instancia. sección VI : de los Juzgado de Paz.
505 1 _aTítulo VII :
_tDe la Cámara de Cuenta.
505 1 _aTítulo VIII :
_tDel Distrito Nacional y de los municipios.
505 1 _aTítulo IX :
_tDel régimen de las provincias.
505 1 _aTítulo X :
_tDe las asambleas electorales.
505 1 _aTítulo XI :
_tDe las fuerza armadas.
505 1 _aTítulo XII : Disposiciones generales.
505 1 _aTítulo XIII .
_tDe las reformas constitucionales.
505 1 _aTítulo XIV :
_tDisposiciones transitorias.
590 _aInventariado, 2024 / DG
651 4 _aRepública Dominicana
_xConstitución (1999)
_977742
651 4 _aRepública Dominicana
_zDerecho Constitucional.
_9449
710 1 _aRepública Dominicana.
_bComisionado de Apoyo a la Reforma y Modernización de la Justicia
_917179
910 _aDG
942 _2ddc
_cLBS1
999 _c49357
_d49357